Statystyki dla Legendy holenderskiej piłki nożnej

Kliknij tutaj aby rozwiązać quiz!

Ogólne statystyki

  • Ten quiz został rozwiązany 85 razy
  • Średni wynik to 14 z 52

Statystyki odpowiedzi

PozycjaNazwisko% Poprawnych
NapastnikMarco van Basten
87%
Pomocnik/NapastnikRuud Gullit
86%
BramkarzEdwin van der Sar
83%
NapastnikJohan Cruyff
79%
Pomocnik/NapastnikArjen Robben
73%
NapastnikRobin van Persie
70%
ObrońcaRonald Koeman
69%
NapastnikRuud van Nistelrooy
64%
ObrońcaFrank de Boer
63%
PomocnikRonald de Boer
63%
PomocnikWesley Sneijder
59%
PomocnikClarence Seedorf
53%
NapastnikDennis Bergkamp
50%
NapastnikPatrick Kluivert
47%
Obrońca/PomocnikFrank Rijkaard
44%
PomocnikMarc Overmars
40%
PomocnikNigel de Jong
40%
ObrońcaGiovanni van Bronckhorst
31%
Pomocnik/NapastnikDirk Kuyt
30%
PomocnikRafael van der Vaart
30%
PomocnikEdgar Davids
27%
ObrońcaJaap Stam
26%
PomocnikMark van Bommel
24%
ObrońcaDanny Blind
23%
NapastnikKlaas-Jan Huntelaar
23%
ObrońcaJohn Heitinga
19%
PomocnikJohan Neeskens
17%
ObrońcaPhillip Cocu
17%
NapastnikRoy Makaay
11%
ObrońcaRuud Krol
11%
ObrońcaMichael Reiziger
10%
NapastnikRob Rensenbrink
9%
NapastnikJohnny Rep
7%
ObrońcaJoris Mathijsen
7%
PomocnikAron Winter
6%
BramkarzHans van Breukelen
6%
NapastnikPierre van Hooijdonk
6%
PomocnikRene van de Kerkhof
6%
NapastnikRinus Michels
6%
PomocnikWilly van de Kerkhof
6%
PomocnikJan Wouters
4%
Skrzydłowy/NapastnikAbe Lenstra
3%
BramkarzJan Jongbloed
3%
NapastnikRuud Geels
3%
NapastnikFaas Wilkes
1%
NapastnikJohn Bosman
1%
NapastnikPiet Keizer
1%
BramkarzPiet Schrijvers
1%
NapastnikBep Bakhuys
0%
PomocnikKees Rijvers
0%
NapastnikWilly van der Kuylen
0%
ObrońcaWim Suurbier
0%

Rozkład punktacji

Percentyl według liczby udzielonych odpowiedzi

Procent ludzi z każdym wynikiem

Twoja historia wyników

Nie rozwiązałeś tego quizu